000 03781nam a2200505 c 4500
001 53492
003 ES-MaCES
005 20250102142027.0
008 241220s2024 sp |||| 000 ||spa
017 _aB 17797-2023
_bDL
020 _a9788430626403
040 _aES-MaCES
_bspa
_cES-MaCES
041 1 _hspa
_aeng
100 1 _937960
_aMazzucato, Mariana
245 1 3 _aEl gran engaño
_b: cómo la industria de la consultoría debilita las empresas, infantiliza a los gobiernos y pervierte la economía
_cMariana Mazzucato y Rosie Collington ; tr. de Marta Valdivieso Rodríguez
250 _a1ª ed
260 _aBarcelona
_bTaurus
_c2024
300 _a390 p.
_c24 cm
490 1 _aEconomía
500 _aTraducción de: The Big Con, how the consulting industry weakens our businesses, infantilizes our governments and warps our economies
500 _aÍndices
504 _aBibliografía: p. 281-310
520 3 _aMariana Mazzucato y Rosie Collington muestran que la dependencia de nuestras economías de empresas como McKinsey, Boston Consulting Group, Bain & Company, PwC, Deloitte, KPMG y EY obstaculiza la innovación, confunde la responsabilidad corporativa y política e impide nuestra misión colectiva de detener el colapso climático. El gran engaño describe el truco de confianza que realiza la industria de la consultoría en contratos con gobiernos vacíos y reacios al riesgo y empresas que maximizan el valor para los accionistas. Creció a partir de las décadas de 1980 y 1990 a raíz de las reformas tanto de la derecha neoliberal como de los progresistas de la Tercera Vía, y se nutre de los males del capitalismo moderno, desde la financiarización y la privatización hasta la crisis climática. Es posible gracias al poder único que ejercen las grandes consultorías a través de amplios contratos y redes -como asesores, legitimadores y subcontratistas- y la ilusión de que son fuentes objetivas de experiencia y capacidad. Para empeorar las cosas, nuestros mejores y más brillantes graduados a menudo son desviados del servicio público hacia la consultoría. En todos estos sentidos, la Gran Con debilita nuestras empresas, infantiliza a nuestros gobiernos y deforma nuestras economías. Mazzucato y Collington desacreditan de manera experta el mito de que las consultorías siempre agregan valor a la economía. Con una gran cantidad de investigaciones originales, defienden brillantemente la inversión y la inteligencia colectiva dentro de todas las organizaciones y comunidades, y a favor de un nuevo sistema en el que los sectores público y privado trabajen de manera innovadora para el bien común. Debemos recalibrar el papel de los consultores y reconstruir economías y gobiernos que sean aptos para su propósito.
541 _cCompra
650 4 _929652
_aservicios consultivos en materia de gestión
650 4 _928189
_aconsultor de empresas
650 4 _927211
_apolítica gubernamental
650 4 _927025
_apolítica económica
650 4 _930732
_aevaluación del impacto
650 4 _929788
_aprivatización
650 4 _928153
_arentabilidad de la inversión
650 4 _931033
_acapital-riesgo
650 4 _927082
_aconsecuencias económicas
650 4 _927288
_aconsecuencias sociales
650 4 _927244
_aproblema político
650 4 _928846
_aestudio de casos
650 4 _927070
_aanálisis económico
653 1 0 _aCondiciones económicas
700 1 _941258
_aCollington, Rosie
700 1 _939700
_aValdivieso Rodríguez, Marta
_etr.
740 4 2 _aThe Big Con, how the consulting industry weakens our businesses, infantilizes our governments and warps our economies
830 _aEconomia (Taurus Ediciones)
_939415
902 _aLIB Libro
942 _2CES
_cBK
_h0.0.
999 _c53492
_d53492